| 000 | 00409nam a2200145 i 4500 | ||
|---|---|---|---|
| 001 | 76439 | ||
| 003 | ES-MaACL | ||
| 005 | 20230906172836.0 | ||
| 007 | t| | ||
| 008 | 041001s1967 sp ||||1| spa d | ||
| 245 | 0 | 0 |
_aGuía de estrenos _b: 1966. |
| 260 |
_a[Madrid : _bSecretariado Internacional de Publicaciones y Espectáculos, _c1967] |
||
| 300 |
_a376 p. ; _c21 cm. |
||
| 852 |
_aES-MaACL _jC-31614 _bR.62284 |
||
| 999 |
_c76439 _d76439 |
||